Quality in school education : (Record no. 88353)
[ view plain ]
| 000 -LEADER | |
|---|---|
| fixed length control field | 00730nam a22002177a 4500 |
| 005 - DATE AND TIME OF LATEST TRANSACTION | |
| control field | 20140909114659.0 |
| 010 ## - LCCN (DPL NO) | |
| LC control number | ENG-110784 |
| 020 ## - INTERNATIONAL STANDARD BOOK NUMBER | |
| International Standard Book Number | 9788175417281 |
| Terms of availability | 180.00 |
| 035 ## - SYSTEM CONTROL NUMBER | |
| System control number | EN-94316 |
| 037 ## - SOURCE OF ACQUISITION | |
| Source of stock number/acquisition | DBAD/PUB |
| 082 ## - DEWEY DECIMAL CLASSIFICATION NUMBER | |
| Classification number | 373.54 |
| 245 ## - TITLE STATEMENT | |
| Title | Quality in school education : |
| Statement of responsibility, etc | edited by Sitansu S. Jena, Kuldeep Agarwal [and] Sukanta K. Mahapatra |
| Remainder of title | issues and concerns / |
| 260 ## - PUBLICATION, DISTRIBUTION, ETC. (IMPRINT) | |
| Place of publication, distribution, etc | Delhi |
| Name of publisher, distributor, etc | Shipra Publications |
| Date of publication, distribution, etc | 2014 |
| 270 ## - ADDRESS | |
| Address | LG, 18-19, Pankaj Central Market, I.P. Ext., Patparganj |
| City | Delhi |
| Postal code | 110092 |
| 300 ## - PHYSICAL DESCRIPTION | |
| Extent | viii,202p. |
| Dimensions | 22cm(pbk) |
| 500 ## - GENERAL NOTE | |
| General note | Includes index |
| 700 ## - ADDED ENTRY--PERSONAL NAME | |
| Personal name | Jena, Sitansu S. |
| 700 ## - ADDED ENTRY--PERSONAL NAME | |
| Personal name | Agarwal, Kuldeep |
| 700 ## - ADDED ENTRY--PERSONAL NAME | |
| Personal name | Mahapatra, Sukanta K. |
| 942 ## - ADDED ENTRY ELEMENTS (KOHA) | |
| Source of classification or shelving scheme | Dewey Decimal Classification |
| Item type | English Books |
| Classification part | 373.54 |
| Call number suffix | QUA |
| Withdrawn status | Lost status | Not for loan | Collection code | Home library | Current library | Date acquired | Source of acquisition | Cost, normal purchase price | Full call number | Barcode | Copy number | Cost, replacement price | Koha item type |
|---|---|---|---|---|---|---|---|---|---|---|---|---|---|
| Not For Loan | Non-fiction | D.B.Act.Division | D.B.Act.Division | 05/09/2014 | DBAD/PUB | 180.00 | 373.54 QUA | EN-94316 | 1 | 180.00 | English Books |
